Hướng dẫn đồ án nền và móng

Sách cung cấp các hướng dẫn về việc thực hiện các đồ án môn học nền và móng cũng như đồ án tốt nghiệp về nền và móng như: Thiết kế các loại nền và móng thông dụng, móng nông trên nền thiên nhiên, móng mềm, nền nhân tạo, móng cọc....

Popoln opis

Shranjeno v:
Bibliografske podrobnosti
Glavni avtor: Nguyễn, Văn Quảng
Format: Knjiga
Jezik:Undetermined
Izdano: Hà Nội Xây dựng 1991
Teme:
Oznake: Označite
Brez oznak, prvi označite!
Thư viện lưu trữ: Trung tâm Học liệu Trường Đại học Cần Thơ
LEADER 01661nam a2200205Ia 4500
001 CTU_158112
008 210402s9999 xx 000 0 und d
020 |c 11000 
082 |a 624.15 
082 |b Qu106 
100 |a Nguyễn, Văn Quảng 
245 0 |a Hướng dẫn đồ án nền và móng 
245 0 |c Nguyễn Văn Quảng, Nguyễn Hữu Kháng 
260 |a Hà Nội 
260 |b Xây dựng 
260 |c 1991 
520 |a Sách cung cấp các hướng dẫn về việc thực hiện các đồ án môn học nền và móng cũng như đồ án tốt nghiệp về nền và móng như: Thiết kế các loại nền và móng thông dụng, móng nông trên nền thiên nhiên, móng mềm, nền nhân tạo, móng cọc. Song song đó, sách còn hướng dẫn cách đánh giá điều kiện địa chất công trình, tập hợp tải trọng tác dụng xuống móng, lựa chọn phương án nền và móng, tính toán, thiết kế các loại nền và móng các công trình công nghiệp và dân dụng, tính toán kinh tế các giải pháp nền và móng, thi công nền và móng. Ngoài ra, sách còn hướng dẫn cách trình bày các bản vẽ và thuyết minh đồ án 
650 |a Civil engineering,Foundations,Structural engineering,Underground engineering 
904 |i Minh, 970816, Mai chuyển từ 624.17 thành 624.15 chưa in nhãn 
980 |a Trung tâm Học liệu Trường Đại học Cần Thơ